| 000 | 00665nam a22001337a 4500 | ||
|---|---|---|---|
| 040 | _cRUA | ||
| 082 | _aVEM PHA 2022 B1.402 Or.1 | ||
| 100 | _aPHAI PAV , ផៃ ប៉ាវ | ||
| 245 | _aParasites in chicken digestive tract in lumhach commune, angsnuol district, kandal province, បរាសិតក្នុងប្រដាប់រំលាយអាហារមាន់នៅឃុំលំហាច ស្រុកអង្គស្នួល ខេត្តកណ្ដាល | ||
| 260 |
_aRUA _bPHNOM PENH _c2022 |
||
| 300 |
_ax, _bill, _c29cm, |
||
| 856 | _uhttps://drive.google.com/file/d/1OrBsgnxAvHH2shalP5XzObBEYtcTi7Cb/view?usp=sharing | ||
| 942 | _cVEM | ||
| 999 |
_c24299 _d24299 |
||